Представление документа в формате MARC21

ПолеНазваниеЗначение
  Тип записи a
  Библиографический уровень m
001 Контрольный номер RU\infra-m\znanium\bibl\1912991
005 Дата корректировки 20230313235256.4
008 Кодируемые данные 221108s2022 RU g rus u
020 Индекс ISBN __
a ISBN 978-5-16-009135-8
020 Индекс ISBN __
a ISBN 978-5-16-102969-5
040 Источник каталогиз. __
a Служба первич. каталог. Общество с ограниченной ответственностью «ЗНАНИУМ»
041 Код языка издания __
a Код языка текста rus
044 Код страны публикации __
a Код страны публикации RU
080 Индекс УДК __
a Индекс УДК 615(075.8)
084 Индекс другой классификации/Индекс ББК __
2 Источник индекса rubbk
a Индекс другой классификации/Индекс ББК 52.81я73
084 Индекс другой классификации/Индекс ББК __
2 Источник индекса okso
a Индекс другой классификации/Индекс ББК 33.05.01
084 Индекс другой классификации/Индекс ББК __
2 Источник индекса okso
a Индекс другой классификации/Индекс ББК 31.02.01
084 Индекс другой классификации/Индекс ББК __
2 Источник индекса okso
a Индекс другой классификации/Индекс ББК 31.02.02
084 Индекс другой классификации/Индекс ББК __
2 Источник индекса okso
a Индекс другой классификации/Индекс ББК 34.02.01
100 Автор __
a Автор Гаевый Михаил Дмитриевич
q Полное имя Михаил Дмитриевич
245 Заглавие __
a Заглавие Фармакология
b Продолж. заглавия Учебник
c Ответственность Волгоградский государственный медицинский университет, ф-л Пятигорский медико-фармацевтический институт; Волгоградский государственный медицинский университет, ф-л Пятигорский медико-фармацевтический институт
250 Сведения об издании __
a Основные сведения об издании 1
260 Выходные данные __
a Место издания Москва
b Издательство ООО "Научно-издательский центр ИНФРА-М"
c Дата издания 2023
300 Физическое описание __
a Объем 454 с.
440 Серия __
a Серия Высшее образование
520 Аннотация __
a Аннотация Первая часть учебника посвящена общим закономерностям фармакокинетики и фармакодинамики а также обсуждаются вопросы побочного и токсического действия лекарственных веществ.
521 Примеч. о цел. назн. __
a Примеч. о целев. назн. ВО - Специалитет
650 Тематические рубрики __
a Основная рубрика Медицина. Фармакология
x Основная подрубрика Фармакология
700 Другие авторы __
a Другие авторы Гаевая Людмила Михайловна
q Полное имя Людмила Михайловна
856 Электронный адрес документа 4_
a Имя сервера/домена znanium.com
m Помощь ebs_support@infra-m.ru
n Местонахождение сервера НИЦ ИНФРА-М
u URL https://znanium.com/catalog/document?id=420699
856 Электронный адрес документа 41
a Имя сервера/домена znanium.com
d Путь /cover/1912
f Электронное имя 1912991.jpg
q Тип электронного формата image/jpeg
u URL https://znanium.com/cover/1912/1912991.jpg
911 __
u 0030=https://znanium.com/catalog/document?id=420699
911 __
u 608a=Учебник
u 6082=local
911 __
u 712a=Волгоградский государственный медицинский университет, ф-л Пятигорский медико-фармацевтический институт
911 __
u 9032=991
911 __
u 951p=s://znanium.com/catalog/document?id=420699&pid=